000
00325 a2200145 4500
001
162928
020
_a
040
_c
Magnum
100
_a
-
240
1
0
_a
Revista de educacao aec/educacao libertadora
_l
por
245
1
0
_a
Revista de educacao aec/educacao libertadora
362
0
_a
1899
697
_a
ENSINO
942
_c
BK
999
_c
162928
_d
162928